Central Library OPAC University of Rajshahi

Politics and experience: (Record no. 35822)

MARC details
000 -LEADER
fixed length control field 01862nam a22003131 4500
001 - CONTROL NUMBER
control field 35822
003 - CONTROL NUMBER IDENTIFIER
rucl marc code BD-RjUL
005 - DATE AND TIME OF LATEST TRANSACTION
control field 20211209052403.0
008 - FIXED-LENGTH DATA ELEMENTS--GENERAL INFORMATION
fixed length control field 140610s1968 enkcf b 010 0 eng d
020 ## - INTERNATIONAL STANDARD BOOK NUMBER
International Standard Book Number 0521073332
035 ## - SYSTEM CONTROL NUMBER
System control number (BD-RjUL)35917
040 ## - CATALOGING SOURCE
Original cataloging agency DLC
Transcribing agency DLC
Modifying agency DLC
-- BD-RjUL
Language of cataloging eng
041 ## - LANGUAGE CODE
Language code of text/sound track or separate title eng
082 00 - DEWEY DECIMAL CLASSIFICATION NUMBER
Classification number 320
Author mark and year POL 1968
245 00 - TITLE STATEMENT
Title Politics and experience:
Statement of responsibility, etc. edited by Preston King and B. C. Parekh.
Remainder of title essays presented to Professor Michael Oakeshott on the occasion of his retirement /
260 ## - PUBLICATION, DISTRIBUTION, ETC. (IMPRINT)
Place of publication, distribution, etc. London :
Name of publisher, distributor, etc. Cambridge U.P.,
Date of publication, distribution, etc. 1968.
300 ## - PHYSICAL DESCRIPTION
Pagination vii, 424 p. :
Illustrations ill. ;
Size 24 cm.
350 ## - PRICE (NR) (BK AM CF MU VM SE) [OBSOLETE]
Price 70/-
504 ## - BIBLIOGRAPHY, ETC. NOTE
Bibliography, etc Bibliographical footnotes.
505 0# - FORMATTED CONTENTS NOTE
Formatted contents note The practical and the historical past, by W. H. Walsh.--Michael Oakeshott's theory of history, by W. H. Dray.--Michael Oakeshott's philosophy of education, by R. S. Peters.--A case of identity, by M. M. Goldsmith.--Idealism, modern philosophy and politics, by W. H. Greenleaf.--Paradigms and political theories, by S. S. Wolin.--The nature of political philosophy, by B. C. Parekh.--Time, institutions and action: an essay on traditions and their understanding, by J. A. Pocock.--Is there reason in tradition? By S. Coleman.--Revolution, tradition and political continuity, by K. R. Minogue.--Rationalism triumphant: an essay on the kibbutzim of Israel, by D. Krook.--An ideological fallacy, by P. King.--Politics and literature: John Adams and Doctor Johnson, by D. Davie.--A bibliography of works by Michael Oakeshott, by W. H. Greenleaf. (p. 409-417)
600 10 - SUBJECT ADDED ENTRY--PERSONAL NAME
Personal name Oakeshott, Michael,
Dates associated with a name 1901-1990.
650 #0 - SUBJECT ADDED ENTRY--TOPICAL TERM
Topical term or geographic name as entry element Political science.
9 (RLIN) 109108
700 1# - ADDED ENTRY--PERSONAL NAME
Personal name Oakeshott, Michael,
Dates associated with a name 1901-1990.
Personal name King, Preston T.,
Dates associated with a name 1936-
Relator term ed.
Personal name Parekh, Bhikhu C.,
Relator term ed.
942 ## - ADDED ENTRY ELEMENTS (KOHA)
Source of classification or shelving scheme Dewey Decimal Classification
Koha item type Books
Holdings
Lost status Source of classification or shelving scheme Damaged status Not for loan Collection code Permanent Location Current Location Shelving location Date acquired Source of acquisition Cost, normal purchase price Total Checkouts Full call number Date last seen Copy number Koha item type
  Dewey Decimal Classification   Not For Loan Non-fiction Central Library, University of Rajshahi Central Library, University of Rajshahi Reading Room 09/12/1970 sweets & zettinger 65.00   320 POL 1968 10/06/2014 C-1 Books